Jet Lag: The Game - Battle 4 America Cities - Statistics

General Stats
  • This quiz has been taken 20 times
  • The average score is 12 of 34
Answers on the Map
Answers color-coded by a green-red scale on the quiz's map according to % correct below.
 
Answer Stats
State Explanation Answer % Correct
CA Los Angeles
86%
NY New York
86%
IL Chicago
79%
PA Philadelphia
71%
RI Providence
71%
DC Washington, D.C.
71%
CO Denver
64%
TX Austin
57%
MD Baltimore
57%
TN Nashville
57%
CT New Haven
57%
CT Hartford
43%
NJ Adam & Ben transferred from bike to taxi here after arriving in Philadelphia Camden
36%
MD Bethesda
29%
MA Springfield
29%
VA Sam & Brian completed the challenge to take a photograph from half a mile away Arlington
21%
NV Boulder City
21%
MD Sam & Brian searched here for the geodetic mark Chevy Chase Village
21%
CO Fort Collins
21%
AZ Grand Canyon West
21%
MA Arcade where Sam & Brian completed the claw machine challenge Holyoke
21%
NV Las Vegas Airport and the art gallery where Adam & Ben forged famous art Paradise
21%
WA Seattle-Tacoma Airport SeaTac
21%
CT Where Adam & Ben disembarked to go to the PEZ Visitor Center West Haven
21%
WY Buford
14%
TN BUC-EEES!!!!!!!!!!! Crossville
14%
IN Mount Baldy in Indiana Dunes National Park Michigan City
14%
MI New Buffalo
14%
CT PEZ Visitor Center Orange
14%
CT Windsor
14%
CT Where Sam & Brian took photos of the flocking birds Windsor Locks
14%
IN Where the hiking trail led to in Indiana Dunes National Park Beverly Shores
7%
NJ Pawn shop Adam & Ben sold the ring at Moorestown-Lenola
7%
IN Visitor center for Indiana Dunes National Park Porter
7%
No matching quizzes found
Score Distribution
Percent of People with Each Score
Percentile by Number Answered
Your Score History
You have not taken this quiz